Electronic communication: skills for the workplace (Record no. 41529)

MARC details
000 -LEADER
fixed length control field 00683nam a2200193 a 4500
008 - FIXED-LENGTH DATA ELEMENTS--GENERAL INFORMATION
fixed length control field 120416s1991 ||||||||||||||||| || u
020 ## - INTERNATIONAL STANDARD BOOK NUMBER
International Standard Book Number 0176036164
050 ## - LIBRARY OF CONGRESS CALL NUMBER
Classification number Z 49 Sco
100 ## - MAIN ENTRY--PERSONAL NAME
Personal name Scott, Esther
245 10 - TITLE STATEMENT
Title Electronic communication: skills for the workplace
260 ## - PUBLICATION, DISTRIBUTION, ETC.
Place of publication, distribution, etc. Scarborough, ON:
Name of publisher, distributor, etc. Nelson
Date of publication, distribution, etc. 1991
300 ## - PHYSICAL DESCRIPTION
Extent 208p. : ill.
350 ## - PRICE (NR) (BK AM CF MU VM SE) [OBSOLETE]
Price 0.00
650 ## - SUBJECT ADDED ENTRY--TOPICAL TERM
Topical term or geographic name entry element WRITING
650 ## - SUBJECT ADDED ENTRY--TOPICAL TERM
Topical term or geographic name entry element ELECTRONIC DATA PROCESSING--KEYBOARDING
650 ## - SUBJECT ADDED ENTRY--TOPICAL TERM
Topical term or geographic name entry element BUSINESS WRITING--DATA PROCESSING
650 ## - SUBJECT ADDED ENTRY--TOPICAL TERM
Topical term or geographic name entry element TYPEWRITING
995 ## - RECOMMENDATION 995 [LOCAL, UNIMARC FRANCE]
-- 0.00
-- CBU-MAIN LIBRARY (Kitwe)
-- 1
-- 17.90
-- 1
-- AVAILABLE
-- Apr 5, 2007
-- Annex Low-Usage Collection
Holdings
Withdrawn status Lost status Source of classification or shelving scheme Damaged status Not for loan Home library Current library Shelving location Date acquired Total Checkouts Full call number Barcode Date last seen Price effective from Koha item type
          CBU-MAIN LIBRARY, KITWE. CBU-MAIN LIBRARY, KITWE.   11/30/2022   Z 49 Sco 47843 11/30/2022 11/30/2022 MONOGRAPH